000 00597nam a22001937a 4500
005 20210325173549.0
008 s2524 th tha d
041 _atha
050 _aCB113 อ3
100 0 _aอนุมานราชธน, พระยา
245 1 0 _aวัฒนธรรมเบื้องต้น [7th]
260 3 _aกรุงเทพฯ :
_bไทยมิตรการพิมพ์,
_c2524
300 _a73 หน้า
650 0 4 _aวัฒนธรรม
850 _aNALT
942 _cGB
997 _c000000000001728
998 _aNarumon Suwan
999 _c1728
_d1728